000 00977nam a2200217 a 4500
001 000024612
005 20200930023252.0
008 110201s1974 ag r 000 0 spa d
040 _aDO-SdBNP
_bspa
_cBNPHU
100 1 _aAnn Davies, Ruth.
_950470
240 1 4 _aThe school library, a force for educational excellence.
_lEspañol
245 1 3 _aLa biblioteca escolar :
_bpropulsora de la educación /
_cRuth Ann Davies ; traducción de Amelia Costa de Aguado.
260 _aBuenos Aires :
_bCentro Regional de Ayuda Técnia. Agencia para el Desarrollo Internacional ;
_bBowker,
_c1974.
300 _a495 p. ;
_c23 cm.
490 1 _aLa biblioteca escolar.
_v3
534 _aTítulo de la obra en inglés :
_tThe school library, a force for educational excellence
500 _aIncluye referencias bibliográficas y notas al pie de las páginas.
500 _aIncluye índice temático.
504 _aBibliografía : [485]-490 p.
700 1 _aCosta de Aguado, Amelia,
_etr.
_950471
999 _c24105
_d24105